000 00480nam a2200181Ia 4500
008 240925s9999 xx 000 0 und d
020 _a8176355860
082 _a005.133 MAY
100 _aJoseph , Mayo
245 0 _aC# unleashed
250 _aNA
260 _aIndia:
_bTechmedia publications
_c,2001.
300 _axvii,698p.
_bNA
_fOriginal
500 _aIncludes Index
600 _aComputer Science
650 _aComputer science, information & general works
942 _cBK
999 _c7493
_d7493